000 01092nam a22002655i 4500
001 164317
003 ES-MaACL
005 20230906212920.0
008 040901s1836 fr ab |||| | fre d
040 _aCAM
_bspa
_cCAM
100 1 _aSaint-Germain-Leduc (
_d1799-18.)
_9155285
245 1 0 _aEntretiens sur les voyages de découvertes /
_cpar Saint-Germain.
260 _aParis ;
_aStrasbourg :
_bchez F.G. Levrault,
_c1836.
300 _a180 p., [2] h. de map. pleg. ;
_c14 cm.
490 1 _aMaitre Pierre ou Le savant de village
490 1 _aBibliothèque de l'instruction populaire ;
_v27
598 _aSegunda serie tomada de BN Opale-Plus.
599 _aLas hh. de map., "Carte du monde ancien" y "Mappemonde"
650 0 4 _aExplorariones geográficas.
_9136077
740 0 1 _aMaitre Pierre ou Le savant de village.
830 0 _aMaitre Pierre ou Le savant de village
_9187710
830 0 _aBibliothèque de l'instruction populaire ;
_v27
_9187711
852 _aES-MaACL
_jD-5205(1)
_z-- Enc. hol.
_x-- Edic.: en el lomo consta : Instruction populaire
999 _c164317
_d164317